Ecología y evangelio: nuestra responsabilidad con la naturaleza
Uloženo v:
| Hlavní autor: | |
|---|---|
| Médium: | Kniha |
| Jazyk: | španělština |
| Vydáno: |
Buenos Aires
Ciudad Nueva
1996
|
| Edice: | Colección Por qué
|
| Témata: | |
| Tagy: |
Přidat tag
Žádné tagy, Buďte první, kdo vytvoří štítek k tomuto záznamu!
|
MARC
| LEADER | 00000nam a2200000 a 4500 | ||
|---|---|---|---|
| 001 | UCN3389 | ||
| 003 | CL-VaPUC | ||
| 008 | 010622e19960000AG |||||||||||||||||spa|d | ||
| 082 | 0 | 4 | |a 261.8362 |b PAC |2 21 |
| 100 | |a Pacini, Roberto |e autor |9 459931 | ||
| 245 | 1 | 0 | |a Ecología y evangelio: nuestra responsabilidad con la naturaleza |
| 300 | |a 62 p | ||
| 942 | |c BK | ||
| 945 | |d 20010622 00:00:00 |a vberengu | ||
| 260 | |a Buenos Aires |b Ciudad Nueva |c 1996 | ||
| 650 | 0 | |a Ecología |9 258124 | |
| 650 | 0 | |a Análisis ecológico |9 352586 | |
| 650 | 7 | |a EFECTOS DE LAS ACTIVIDADES HUMANAS |2 CL-VaPUC |9 338571 | |
| 650 | 7 | |a EQUILIBRIO ECOLOGICO |2 CL-VaPUC |9 352587 | |
| 583 | |a last modification |c 20010622 00:00:00 |k Rodrigo Vera | ||
| 490 | 0 | |a Colección Por qué | |
| 999 | |c 296300 |d 296298 | ||
| 952 | |0 0 |1 0 |4 0 |6 261_836200000000000_PAC_1996 |7 0 |8 A |9 349975 |a BIBTEO |b BIBTEO |d 2019-11-20 |i 3678660 |o 261.8362 PAC 1996 |p 3678660 |r 2025-01-17 |w 2019-11-20 |y BK |k ICR | ||